<?xml version="1.0" encoding="UTF-8"?>
<record
    xmlns:xsi="http://www.w3.org/2001/XMLSchema-instance"
    xsi:schemaLocation="http://www.loc.gov/MARC21/slim http://www.loc.gov/standards/marcxml/schema/MARC21slim.xsd"
    xmlns="http://www.loc.gov/MARC21/slim">

  <leader>01900nam a2200289 a 4500</leader>
  <controlfield tag="001">1494229</controlfield>
  <controlfield tag="003">OSt</controlfield>
  <controlfield tag="005">20211014104338.0</controlfield>
  <controlfield tag="008">150910r20152014ck     gr     0001f spa d</controlfield>
  <datafield tag="020" ind1=" " ind2=" ">
    <subfield code="a">9789588886145</subfield>
  </datafield>
  <datafield tag="040" ind1=" " ind2=" ">
    <subfield code="a">CO-MqBPB</subfield>
    <subfield code="b">spa </subfield>
    <subfield code="c">CO-MqBPB</subfield>
  </datafield>
  <datafield tag="043" ind1=" " ind2=" ">
    <subfield code="a">s-ck---</subfield>
  </datafield>
  <datafield tag="082" ind1="0" ind2="4">
    <subfield code="a">AN</subfield>
    <subfield code="b">GARd</subfield>
  </datafield>
  <datafield tag="100" ind1="1" ind2=" ">
    <subfield code="a">Garc&#xFFFD;a M&#xFFFD;rquez, Gabriel, </subfield>
    <subfield code="d">1927-2014.</subfield>
  </datafield>
  <datafield tag="240" ind1="1" ind2="0">
    <subfield code="a">Magdalena-Bibliograf&#xED;a regional</subfield>
  </datafield>
  <datafield tag="245" ind1="1" ind2="0">
    <subfield code="a">Del amor y otros demonios / </subfield>
    <subfield code="c">Gabriel Garc&#xED;a M&#xE1;rquez.</subfield>
  </datafield>
  <datafield tag="250" ind1=" " ind2=" ">
    <subfield code="a">Decima quinta reimpresi&#xF3;n</subfield>
  </datafield>
  <datafield tag="260" ind1=" " ind2=" ">
    <subfield code="a">Bogot&#xE1; : </subfield>
    <subfield code="b">Penguin Random House Mondadori : </subfield>
    <subfield code="b">Debolsillo, </subfield>
    <subfield code="c">2021.</subfield>
  </datafield>
  <datafield tag="300" ind1=" " ind2=" ">
    <subfield code="a">169 p&#xE1;ginas ; </subfield>
    <subfield code="c">19 cm.</subfield>
  </datafield>
  <datafield tag="490" ind1=" " ind2="0">
    <subfield code="a">Debolsillo. Contempor&#xE1;nea</subfield>
  </datafield>
  <datafield tag="520" ind1=" " ind2=" ">
    <subfield code="a">El 26 de octubre de 1949 el reportero Gabriel Garc&#xED;a M&#xE1;rquez fue enviado al antiguo convento de Santa Clara, que iba a ser demolido para edificar sobre &#xE9;l un hotel de cinco estrellas, a presenciar el vaciado de las criptas funerarias y a cubrir la noticia. Se exhumaron los restos de un virrey del Per&#xFA; y su amante secreta, un obispo, varias abadesas, un bachiller de artes y una marquesa. Pero la sorpresa salt&#xF3; al destapar la tercera hornacina del altar mayor: se desparram&#xF3; una cabellera de color cobre, de veintid&#xF3;s metros y once cent&#xED;metros de largo, perteneciente a una ni&#xF1;a. En la l&#xE1;pida apenas se le&#xED;a el nombre: Sierva Mar&#xED;a de Todos los &#xC1;ngeles. &#xAB;Mi abuela me contaba de ni&#xF1;o la leyenda de una marquesita de doce a&#xF1;os cuya cabellera le arrastraba como una cola de novia, que hab&#xED;a muerto del mal de rabia por el mordisco de un perro, y era venerada en los pueblos del Caribe por sus muchos milagros. La idea de que esa tumba pudiera ser la suya fue mi noticia de aquel d&#xED;a y el origen de este libro.&#xBB;</subfield>
  </datafield>
  <datafield tag="586" ind1=" " ind2=" ">
    <subfield code="a">Premio Nobel de Literatura</subfield>
  </datafield>
  <datafield tag="650" ind1=" " ind2="4">
    <subfield code="a">Novela colombiana.</subfield>
  </datafield>
  <datafield tag="650" ind1=" " ind2=" ">
    <subfield code="a">Amor</subfield>
    <subfield code="v"> Novela.</subfield>
  </datafield>
  <datafield tag="942" ind1=" " ind2=" ">
    <subfield code="2">ddc</subfield>
    <subfield code="c">BKLIT</subfield>
  </datafield>
  <datafield tag="949" ind1=" " ind2=" ">
    <subfield code="a">c                </subfield>
    <subfield code="b">c</subfield>
  </datafield>
  <datafield tag="999" ind1=" " ind2=" ">
    <subfield code="c">13877</subfield>
    <subfield code="d">13877</subfield>
  </datafield>
  <datafield tag="952" ind1=" " ind2=" ">
    <subfield code="0">0</subfield>
    <subfield code="1">0</subfield>
    <subfield code="2">ddc</subfield>
    <subfield code="4">0</subfield>
    <subfield code="7">0</subfield>
    <subfield code="8">LA</subfield>
    <subfield code="a">BPMOS</subfield>
    <subfield code="b">BPMOS</subfield>
    <subfield code="d">2021-10-14</subfield>
    <subfield code="e">Compra BPSJBM 2021</subfield>
    <subfield code="i">NT</subfield>
    <subfield code="l">5</subfield>
    <subfield code="o">AN GARd</subfield>
    <subfield code="p">MOS501785</subfield>
    <subfield code="r">2023-04-12</subfield>
    <subfield code="s">2023-03-29</subfield>
    <subfield code="w">2021-10-14</subfield>
    <subfield code="y">BKLIT</subfield>
    <subfield code="z">Quince d&#xED;as</subfield>
  </datafield>
</record>
